1999 1661 1943 1770 1984 1356 1960 1162 1003 1782 1953 1570 1293 1541 1626 1264 1189 1629 1620 1431 1407 1723 1972 1902 1574 1947 1490 1576 1099 1583 1141 1348 1773 1463 1377 1997 1682 1151 1605 1630 1736 1705 1092 1009 1397 1916 1439 1870 1241 1605 1226 1402 1321 1563 1606 1104 1768 1569 1088 1052 1170 1024 1232 1822 1226 1092 1027 1361 1047 1274 1115 1997 1186 1744 1143 1762 1764 1924 1680 1470 1170 1357 1056 1546 1642 1758 1198 1641 1319 1661 1180 1777 1207 1941 1445 1793 1973 1814 1869 BCNSPRNW ULIB Ver.6.0+V

เปลี่ยนเป็นภาษาไทย

Change to English
 แสดงรายละเอียดบรรณานุกรม
  กลับหน้าหลัก

Brief Record : Get Marc (ISO 2709) : E-mail record : QR code < ปิดหน้าต่าง
LEADER : 00000nam 2200000uu 4500
001    13399114681
003     ULIB
008    120429s2550||||th 000 0 tha d
020    ^a9789749530078
060 04 ^aWB537^bพ887ค
100 0  ^aเพ็ญนภา ทรัพย์เจริญ
245 10 ^aคู่มือการนวดรักษาโรคแบบราชสำนัก /^cเพ็ญนภา ทรัพย์เจริญ ;บรรณาธิการ
250    ^aพิมพ์ครั้งที่ 1
260    ^aกรุงเทพฯ :^bมูลนิธิการแพทย์แผนไทยพัฒนา,^c2550
300    ^a199 หน้า :^bภาพประกอบ
440  0 ^aชุดคู่มืออบรมการนวดไทย
650  7 ^aการนวด
650  7 ^aนวดรักษาโรค
650  7 ^aการนวด^xแบบราชสำนัก
945    ^p270^l0^i18981
995    ^a เกษร
999    ^aใช้งานได้ทุกระบบ
รายการนี้ยังไม่มีแท็ก
คุณยังไม่ได้ล็อกอิน คุณสามารถมีกิจกรรมร่วมกับเว็บไซต์ได้ แต่ต้องล็อกอินก่อน ::
  ล็อกอิน

รายการสื่อสารสนเทศ

ลำดับที่ ประเภท เลขเรียก/บาร์โค้ด สถานที่ สถานะ
1. วิทยาศาสตร์การแพทย์ และสุขภาพ
วิทยาศาสตร์การแพทย์ และสุขภาพ
WB537 พ887ค  
  Barcode: 18981
ห้องสมุดวิทยาเขตสวรรค์ประชารักษ์
►ส่วนจัดเก็บหนังสือเก่า สปร
บนชั้น
  ขอยืม

รายการใกล้เคียง
    ผู้แต่ง [เพ็ญนภา ทรัพย์เจริญ]

    หัวเรื่อง [การนวด]

BibComment


ยังไม่เคยถูกคอมเมนท์

คอมเมนท์ทรัพยากรรายการนี้
  คอมเมนท์: คู่มือการนวดรักษ..


 Copyright 2026. Bcnsprnw @Library